1471 1145 1731 1333 1097 1212 1801 1305 1558 1224 1449 1322 1283 1173 1572 1696 1560 1551 1087 1649 1287 1871 1479 1512 1177 1238 1031 1947 1458 1915 1797 1073 1453 1647 1509 1725 1155 1884 1770 1671 1131 1574 1469 1478 1641 1958 1004 1793 1655 1997 1735 1961 1316 1523 1238 1033 1102 1533 1126 1499 1404 1204 1488 1866 1436 1307 1584 1059 1111 1986 1777 1720 1625 1452 1263 1519 1408 1076 1720 1039 1806 1326 1615 1290 1969 1075 1295 1626 1046 1672 1028 1978 1915 1332 1998 1790 1719 1192 1501 BCNSPRNW ULIB Ver.6.0+V

เปลี่ยนเป็นภาษาไทย

Change to English
 แสดงรายละเอียดบรรณานุกรม
  กลับหน้าหลัก

Brief Record : Get Marc (ISO 2709) : E-mail record : QR code < ปิดหน้าต่าง
LEADER : 00000nam 2200000uu 4500
001    13399112419
003     ULIB
008    110815s2549||||th 000 0 tha d
020    9749995791
020    9789749995792
040    bcr
050  4 HM251^bจ631จ 2549
100 0  จุฑารัตน์ เอื้ออำนวย
245 10 จิตวิทยาสังคม /^cจุฑารัตน์ เอื้ออำนวย
250    พิมพ์ครั้งที่ 2
260    กรุงเทพฯ :^bสำนักพิมพ์แห่งจุฬาลงกรณ์มหาวิทยาลัย,^c2549
300    275 หน้า ;^c21ซม.
650  4 จิตวิทยาสังคม
945    ^p150^l0^i020027
945    ^p150^l0^i022283
945    ^p150^l0^i022284
945    ^p150^l0^i023155
995    ทศพร
999 ^a ทศพร
รายการนี้ยังไม่มีแท็ก
คุณยังไม่ได้ล็อกอิน คุณสามารถมีกิจกรรมร่วมกับเว็บไซต์ได้ แต่ต้องล็อกอินก่อน ::
  ล็อกอิน

รายการสื่อสารสนเทศ

ลำดับที่ ประเภท เลขเรียก/บาร์โค้ด สถานที่ สถานะ
- ไม่พบข้อมูล -

รายการใกล้เคียง
    ผู้แต่ง [จุฑารัตน์ เอื้ออำนวย]

    หัวเรื่อง [จิตวิทยาสังคม]

BibComment


ยังไม่เคยถูกคอมเมนท์

คอมเมนท์ทรัพยากรรายการนี้
  คอมเมนท์: จิตวิทยาสังคม จุ..


 Copyright 2026. Bcnsprnw @Library